000 00635nam a2200229Ia 4500
003 OSt
005 20220924132613.0
006 a|||||r|||| 00| 0
007 ta
008 220923b |||||||| |||| 00| 0 san d
024 _a73666
037 _cTextual
040 _aARTS
_cARTS
_bsan
041 _2san
_asan
082 _aR631x2,1,8, 15K7
100 _aPandeya Ram Chandra ed
245 0 _aYukti dipika
_b an ancient commentary on the Samkhya-Karika of Isvara Krsna
260 _c1967
650 _aYOGA
_92333
942 _hR631x2,1,8, 15K7
_cTEXL
_2CC
999 _c430792
_d430792